Ars pediátrica Compostelana y Vasco-Navarra : (Record no. 195997)

MARC details
000 -LEADER
campo de control de longitud fija 01476nam a2200373 i 4500
001 - NÚMERO DE CONTROL
campo de control 195997
003 - IDENTIFICADOR DE NÚMERO DE CONTROL
campo de control ES-GrU
005 - FECHA Y HORA DE LA ÚLTIMA TRANSACCIÓN
campo de control 20250807062554.0
007 - CAMPO FIJO DE DESCRIPCIÓN FÍSICA--INFORMACIÓN GENERAL
campo de control de longitud fija ta
008 - DATOS DE LONGITUD FIJA--INFORMACIÓN GENERAL
campo de control de longitud fija 240809s2017 sp 001 0 spa d
017 ## - NÚMERO DE COPYRIGHT O DE DEPÓSITO LEGAL
Número de copyright o de depósito legal C 732-2017
035 ## - NÚMERO DE CONTROL DEL SISTEMA
Número de control de sistema 991006484209704990
040 ## - FUENTE DE CATALOGACIÓN
Centro catalogador/agencia de origen UR
Centro/agencia modificador UJAEN LSP
Lengua de catalogación spa
Centro/agencia transcriptor ES-MaACL
080 ## - NÚMERO DE LA CLASIFICACIÓN DECIMAL UNIVERSAL
Número de la Clasificación Decimal Universal 616-053.2
080 ## - NÚMERO DE LA CLASIFICACIÓN DECIMAL UNIVERSAL
Número de la Clasificación Decimal Universal 61(091)
100 ## - ENTRADA PRINCIPAL--NOMBRE DE PERSONA
Nombre de persona Borderas Gaztambide, Augusto
9 (RLIN) 237957
Término indicativo de función/relación Autor
245 10 - MENCIÓN DEL TÍTULO
Título Ars pediátrica Compostelana y Vasco-Navarra :
Resto del título un recorrido vital por la medicina pediátrica y la sociedad del siglo XX (1955-2016) /
Mención de responsabilidad, etc. Augusto Borderas Gaztambide ; edición al cuidado de José María Fraga Bermúdez.
260 ## - PUBLICACIÓN, DISTRIBUCIÓN, ETC.
Lugar de publicación, distribución, etc. Santiago de Compostela :
Nombre del editor, distribuidor, etc. Universidad de Santiago de Compostela,
Fecha de publicación, distribución, etc. [2017].
300 ## - DESCRIPCIÓN FÍSICA
Extensión 221 p. :
Otras características físicas il. n. ;
Dimensiones 24 cm.
336 ## - TIPO DE CONTENIDO
Fuente rdacontent
Término de tipo de contenido texto
337 ## - TIPO DE MEDIO
Fuente rdamedia
Nombre/término del tipo de medio sin mediación
338 ## - TIPO DE SOPORTE
Fuente rdacarrier
Nombre/término del tipo de soporte volumen
650 #7 - PUNTO DE ACCESO ADICIONAL DE MATERIA--TÉRMINO DE MATERIA
Término de materia o nombre geográfico como elemento de entrada Pediatría
9 (RLIN) 136672
650 #7 - PUNTO DE ACCESO ADICIONAL DE MATERIA--TÉRMINO DE MATERIA
Término de materia o nombre geográfico como elemento de entrada Medicina
Fuente del encabezamiento o término embne
9 (RLIN) 14891
650 #7 - PUNTO DE ACCESO ADICIONAL DE MATERIA--TÉRMINO DE MATERIA
Término de materia o nombre geográfico como elemento de entrada Historia
Fuente del encabezamiento o término embne
9 (RLIN) 179933
653 #8 - TÉRMINO DE INDIZACIÓN--NO CONTROLADO
Término no controlado S XX
710 2# - ENTRADA AGREGADA--NOMBRE DE ENTIDAD CORPORATIVA
Nombre de entidad corporativa o nombre de jurisdicción como elemento de entrada Universidad de Santiago de Compostela
9 (RLIN) 7294
852 ## - LOCALIZACIÓN
Ubicación Es-MaACL
Sublocalización o colección R.153566
Ubicación en estantería Depósito J
Número de control de estantería N-9117
Donativo/Legado Donación: Augusto Borderas Gaztambide
Encuadernación Encuadernación rústica con solapas
itemnumber 205015
903 ## - NOMBRE PERSONAL DE DONANTE
9 237957
a Borderas Gaztambide, Augusto
e Donante
942 ## - ELEMENTOS DE ENTRADA SECUNDARIOS (KOHA)
Tipo de ítem Koha Libro impreso
Suprimir en OPAC No
Holdings
Estatus retirado Estado de pérdida Fuente del sistema de clasificación o colocación Estado de daño No para préstamo Biblioteca de origen Biblioteca actual Ubicación en estantería Fecha de adquisición Fuente de adquisición Total de préstamos Signatura topográfica completa Código de barras Visto por última vez Precio de reemplazo Tipo de ítem Koha
    Clasificación decimal universal     Biblioteca del Ateneo de Madrid Biblioteca del Ateneo de Madrid Depósito J 13/04/2025 Donación   N-9117 101229862 13/04/2025 13/04/2025 Libro impreso